Eleanor Rigby Lyrics - Statistics

General Stats
  • This quiz has been taken 265 times
  • The average score is 27 of 34
Answer Stats
Answer % Correct
Ah, look at all the {lonely} {people}
98%
Ah, look at all the {lonely} {people}
96%
All the {lonely} {people}
95%
All the {lonely} {people}
95%
{Eleanor} {Rigby}
95%
Ah, look at all the {lonely} {people}
92%
Ah, look at all the {lonely} {people}
92%
All the {lonely} {people}
92%
All the {lonely} {people}
92%
Where do they all {belong}?
92%
All the {lonely} {people}
91%
Where do they all {come} {from}?
91%
All the {lonely} {people}
90%
{Eleanor} {Rigby}
89%
Where do they all {belong}?
89%
Where do they all {come} {from}?
89%
Where do they all {belong}?
87%
Where do they all {come} {from}?
87%
{Nobody} came
85%
{Father} {McKenzie}
77%
{Father} {McKenzie}
74%
Darning his {socks} in the night when there's nobody there
72%
Lives in a {dream}
71%
{Who} {is} {it} {for}?
71%
Died in the church and was buried along with {her} {name}
70%
Wearing a face that she keeps in a {jar} {by} {the} {door}
70%
Waits at the {window}
66%
What does {he} {care}?
66%
No one {comes} {near}
65%
Look at him {working}
60%
{Writing} {the} {words} to a sermon that no one will hear
57%
{Picks} {up} {the} {rice} in a church where a wedding has been
56%
No one {was} {saved}
47%
Wiping the dirt from his hands as he {walks} {from} {the} {grave}
45%
No matching quizzes found
Score Distribution
Percent of People with Each Score
Percentile by Number Answered
Your Score History
You have not taken this quiz